[Event "ROM-ch (Women)"]
[Site "Eforie Nord"]
[Date "2022.02.23"]
[Round "5"]
[White "Obada, Ema"]
[Black "Marin, Irina Luiza"]
[Result "1-0"]
[WhiteElo "2010"]
[BlackElo "2058"]
[PlyCount "75"]
[EventDate "2022.02.20"]
[EventType "swiss"]
[EventRounds "9"]
[EventCountry "ROU"]
[SourceTitle "CBM 207 Extra"]
[Source "ChessBase"]
[SourceDate "2022.05.31"]
[SourceVersion "1"]
[SourceVersionDate "2022.05.31"]
[SourceQuality "1"]

1. e4 c6 2. d4 d5 3. e5 g6 4. Nc3 Bg7 5. Bf4 f6 6. Qd2 fxe5 7. dxe5 Nd7 8. Nf3 e6 9. 0-0-0 Ne7 10. h4 b5 11. h5 b4 12. Nb1 Qc7 13. Re1 a5 14. Bh6 Bf8 15. Qg5 Nc5 16. Nbd2 Bxh6 17. Qxh6 Nf5 18. Qf4 gxh5 19. Rxh5 Qf7 20. Qh2 Ra7 21. g4 Ng7 22. Rxh7 Rf8 23. Rh8 a4 24. Ng5 Qe7 25. Rxf8+ Qxf8 26. Nh7 Qe7 27. Nf6+ Kd8 28. Re3 Kc7 29. Rh3 Bd7 30. f4 b3 31. cxb3 axb3 32. a3 Ne8 33. Rh7 Qd8 34. Nxd7 Nxd7 35. Nxb3 Kb8 36. Qc2 Rb7 37. Nd4 c5 38. Nc6+ 1-0

[Event "ROM-ch (Women)"]
[Site "Eforie Nord"]
[Date "2022.02.22"]
[Round "4"]
[White "Marin, Irina Luiza"]
[Black "Petculescu, Diana Silvana"]
[Result "1-0"]
[WhiteElo "2058"]
[BlackElo "1402"]
[PlyCount "63"]
[EventDate "2022.02.20"]
[EventType "swiss"]
[EventRounds "9"]
[EventCountry "ROU"]
[SourceTitle "CBM 207 Extra"]
[Source "ChessBase"]
[SourceDate "2022.05.31"]
[SourceVersion "1"]
[SourceVersionDate "2022.05.31"]
[SourceQuality "1"]

1. c4 Nf6 2. g3 e6 3. Nf3 d5 4. b3 Be7 5. Bg2 0-0 6. 0-0 c6 7. Bb2 Nbd7 8. d3 b6 9. Nbd2 Bb7 10. Qc2 Rc8 11. Rfd1 Ne8 12. e4 dxc4 13. dxc4 Qc7 14. e5 b5 15. Ne4 Nc5 16. Nfg5 h6 17. Nxc5 Bxg5 18. Rd7 Qb6 19. Nxb7 Nc7 20. Nd6 Rcd8 21. c5 Qb8 22. Rxd8 Rxd8 23. Bxc6 b4 24. Rd1 Na6 25. Bg2 Qc7 26. c6 f6 27. Qc4 fxe5 28. Qxe6+ Kf8 29. Bd5 Nc5 30. Qg8+ Ke7 31. Qxg7+ Kxd6 32. Bxe5# 1-0

[Event "ROM-chT (Women)"]
[Site "Mamaia"]
[Date "2021.10.02"]
[Round "1.2"]
[White "Trifoi, Mihaela Ioana"]
[Black "Marin, Irina Luiza"]
[Result "0-1"]
[WhiteElo "1938"]
[BlackElo "2053"]
[PlyCount "44"]
[EventDate "2021.10.02"]
[EventType "team-tourn"]
[EventRounds "10"]
[EventCountry "ROU"]
[SourceTitle "CBM 204 Extra"]
[Source "ChessBase"]
[SourceDate "2021.11.30"]
[SourceVersion "1"]
[SourceVersionDate "2021.11.30"]
[SourceQuality "1"]
[WhiteTeam "Sighetu Marmatiei (W)"]
[BlackTeam "Arnia ChessIT (W)"]
[WhiteTeamCountry "ROU"]
[BlackTeamCountry "ROU"]

1. e4 c6 2. d4 d5 3. exd5 cxd5 4. Bd3 Nc6 5. c3 Nf6 6. Bf4 g6 7. h3 Bg7 8. Nf3 0-0 9. Qc2 Nh5 10. Bc1 e5 11. dxe5 Nxe5 12. Nxe5 Bxe5 13. Bh6 Re8 14. 0-0 Qh4 15. Nd2 Bxh3 16. Rfe1 Bxg2 17. Kxg2 Qg4+ 18. Kf1 Qh3+ 19. Ke2 Bf4+ 20. Kd1 Rxe1+ 21. Kxe1 Re8+ 22. Be2 Bxh6 0-1

[Event "EU-Cup Online Gr-B (Women)"]
[Site "Tornelo INT"]
[Date "2020.12.20"]
[Round "7.1"]
[White "Helgadottir, Sigridur Bjorg"]
[Black "Marin, Irina Luiza"]
[Result "1-0"]
[WhiteElo "1641"]
[BlackElo "2056"]
[PlyCount "67"]
[EventDate "2020.12.19"]
[EventType "team-tourn (rapid)"]
[EventRounds "7"]
[EventCountry "ISS"]
[SourceTitle "CBM 199 Extra"]
[Source "ChessBase"]
[SourceDate "2021.01.31"]
[SourceVersion "1"]
[SourceVersionDate "2021.01.31"]
[SourceQuality "1"]
[WhiteTeam "Fjolnir (W)"]
[BlackTeam "Arnia Chess (W)"]
[WhiteTeamCountry "ISL"]
[BlackTeamCountry "ROU"]

1. d4 g6 2. c4 Bg7 3. Nc3 d6 4. e4 Nc6 5. Be3 e5 6. Nge2 Nh6 7. f3 f5 8. Qd2 Nf7 9. 0-0-0 0-0 10. Nd5 fxe4 11. fxe4 Bg4 12. dxe5 Ncxe5 13. Qc2 c6 14. Ndf4 g5 15. Nd3 Be6 16. b3 b5 17. c5 Qf6 18. Nd4 Nxd3+ 19. Bxd3 dxc5 20. Qxc5 Ne5 21. Be2 Rae8 22. Rhf1 Qg6 23. Nxe6 Qxe6 24. Rd6 Qe7 25. Rfd1 h6 26. Kb1 Kh8 27. Qxa7 Qxa7 28. Bxa7 Rf7 29. Bc5 Bf8 30. Bh5 Bxd6 31. Bxd6 Rd8 32. Bxe5+ Kg8 33. Bxf7+ Kxf7 34. Rxd8 1-0

[Event "ROM-chT (Women)"]
[Site "Mamaia"]
[Date "2019.09.23"]
[Round "1.3"]
[White "Marin, Irina Luiza"]
[Black "Pelin, Ana Maria"]
[Result "1-0"]
[WhiteElo "2058"]
[BlackElo "1901"]
[PlyCount "77"]
[EventDate "2019.09.21"]
[EventType "team-tourn"]
[EventRounds "7"]
[EventCountry "ROU"]
[SourceTitle "EXT 2020"]
[Source "ChessBase"]
[SourceDate "2019.10.17"]
[SourceVersion "1"]
[SourceVersionDate "2019.10.17"]
[SourceQuality "1"]

1. c4 e5 2. g3 Nf6 3. Bg2 c6 4. d4 exd4 5. Qxd4 d5 6. Nf3 dxc4 7. Qxd8+ Kxd8 8. 0-0 Bc5 9. Nbd2 Re8 10. Rd1 Rxe2 11. Ne4+ Ke7 12. Nxc5 Ng4 13. Re1 Rxe1+ 14. Nxe1 b6 15. Ne4 f5 16. Bg5+ Ke6 17. Nd2 h6 18. Bf4 Ba6 19. Nc2 g5 20. Nd4+ Kf6 21. Bd6 Nd7 22. Re1 Nde5 23. f4 gxf4 24. gxf4 Nd3 25. Re6+ Kf7 26. h3 Nf6 27. Re7+ Kg6 28. Nxc6 Rg8 29. Bf3 h5 30. Rxa7 Kh6+ 31. Kh2 Nxb2 32. Rxa6 c3 33. Nb3 Nc4 34. Ne7 Rd8 35. Nxf5+ Kg6 36. Nh4+ Kf7 37. Ra7+ Ke6 38. Bb4 c2 39. Re7# 1-0

[Event "Arad op 11th"]
[Site "Arad"]
[Date "2018.08.08"]
[Round "5"]
[White "Marin, Irina Luiza"]
[Black "Nastase, Robert Paul"]
[Result "0-1"]
[WhiteElo "2056"]
[BlackElo "2299"]
[PlyCount "62"]
[EventDate "2018.08.05"]
[EventType "swiss"]
[EventRounds "9"]
[EventCountry "ROU"]
[SourceTitle "CBM 185 Extra"]
[Source "ChessBase"]
[SourceDate "2018.07.29"]
[SourceVersion "1"]
[SourceVersionDate "2018.07.29"]
[SourceQuality "1"]

1. c4 e5 2. g3 c6 3. d4 e4 4. Bg2 Nf6 5. Nc3 d5 6. cxd5 cxd5 7. Bg5 Bb4 8. Rc1 0-0 9. Nh3 h6 10. Bxf6 Qxf6 11. Nf4 Rd8 12. 0-0 Bxc3 13. Rxc3 Nc6 14. e3 g5 15. Nh5 Qg6 16. g4 f5 17. h3 Rf8 18. f3 Be6 19. Rc2 exf3 20. Bxf3 fxg4 21. hxg4 Rf7 22. Rcf2 Raf8 23. Qb3 Na5 24. Qb5 Nc4 25. Bxd5 Rxf2 26. Rxf2 Qb1+ 27. Kg2 Nxe3+ 28. Kh3 Nxd5 29. Rxf8+ Kxf8 30. Qe2 Qh1+ 31. Kg3 Qh4+ 0-1

[Event "ROM-chT (Women)"]
[Site "Baile Govora"]
[Date "2017.11.17"]
[Round "7.1"]
[White "Marin, Irina Luiza"]
[Black "Raeva, Elitsa"]
[Result "0-1"]
[WhiteElo "2090"]
[BlackElo "2258"]
[PlyCount "74"]
[EventDate "2017.11.11"]
[EventType "team-tourn"]
[EventRounds "9"]
[EventCountry "ROU"]
[SourceTitle "CBM 181 Extra"]
[Source "ChessBase"]
[SourceDate "2017.12.12"]
[SourceVersion "1"]
[SourceVersionDate "2017.12.12"]
[SourceQuality "1"]
[WhiteTeam "Bucharest Central CC (W)"]
[BlackTeam "Arnia Chessit (W)"]
[WhiteTeamCountry "ROU"]
[BlackTeamCountry "ROU"]

1. c4 e5 2. g3 Nc6 3. Bg2 f5 4. Nc3 Nf6 5. d3 Bb4 6. Bd2 0-0 7. a3 Bxc3 8. Bxc3 d5 9. cxd5 Nxd5 10. Bd2 Kh8 11. Rc1 Rb8 12. Rc5 Be6 13. Nf3 Qd6 14. Qc2 Rbe8 15. b4 Bg8 16. 0-0 e4 17. dxe4 fxe4 18. Ng5 Nd4 19. Nxe4 Qa6 20. Qb2 Nxe2+ 21. Kh1 Rxe4 22. b5 Qg6 23. Qc2 Rd4 24. Qxg6 hxg6 25. Be3 Nxe3 26. fxe3 Rxf1+ 27. Bxf1 Bd5+ 28. Rxd5 Rxd5 29. Bxe2 Re5 30. Bf3 Rxb5 31. Kg2 Kg8 32. h4 Kf7 33. a4 Rb2+ 34. Kf1 Kf6 35. Ke1 c6 36. g4 g5 37. h5 Ke5 0-1

[Event "Arad op 10th"]
[Site "Arad"]
[Date "2017.08.09"]
[Round "5"]
[White "Pop, Alexandru"]
[Black "Marin, Irina Luiza"]
[Result "1-0"]
[WhiteElo "2300"]
[BlackElo "2090"]
[PlyCount "41"]
[EventDate "2017.08.06"]
[EventType "swiss"]
[EventRounds "9"]
[EventCountry "ROU"]
[SourceTitle "CBM 179 Extra"]
[Source "ChessBase"]
[SourceDate "2017.08.23"]
[SourceVersion "1"]
[SourceVersionDate "2017.08.23"]
[SourceQuality "1"]

1. d3 d6 2. g3 g6 3. Bg2 Bg7 4. Nf3 c5 5. 0-0 Nc6 6. e4 e5 7. c3 Nge7 8. a3 0-0 9. b4 cxb4 10. axb4 b5 11. Nbd2 a5 12. bxa5 Rxa5 13. Bb2 d5 14. Rxa5 Qxa5 15. exd5 Nxd5 16. Qb3 Nde7 17. Ra1 Qb6 18. c4 b4 19. Re1 Qa5 20. Ne4 Rd8 21. h4 1-0

[Event "ROM-chT (Women)"]
[Site "Calimanesti Caciulata"]
[Date "2016.11.26"]
[Round "6.1"]
[White "Peptan, Corina Isabela"]
[Black "Marin, Irina Luiza"]
[Result "1-0"]
[WhiteElo "2395"]
[BlackElo "2096"]
[PlyCount "93"]
[EventDate "2016.11.21"]
[EventType "team-tourn"]
[EventRounds "7"]
[EventCountry "ROU"]
[SourceTitle "EXT 2018"]
[Source "ChessBase"]
[SourceDate "2017.10.13"]
[SourceVersion "1"]
[SourceVersionDate "2017.10.13"]
[SourceQuality "1"]
[WhiteTeam "Bucharest CSM (W)"]
[BlackTeam "Bucharest CC Central (W)"]
[WhiteTeamCountry "ROU"]
[BlackTeamCountry "ROU"]

1. d4 d6 2. Nf3 f5 3. c4 Nf6 4. Nc3 g6 5. Bf4 Bg7 6. e3 0-0 7. c5 h6 8. Qb3+ Kh8 9. h4 Nh5 10. Be2 Nc6 11. 0-0-0 b6 12. Qa4 bxc5 13. Qxc6 Bd7 14. Qd5 e6 15. Qc4 cxd4 16. Nxd4 e5 17. Bxh5 exd4 18. exd4 gxh5 19. Qe2 Be8 20. g3 Bf7 21. Rhe1 Rb8 22. Qe7 Qc8 23. Qe3 Kh7 24. Qd3 Rb4 25. Be3 Bc4 26. Qc2 Qa6 27. b3 Qa5 28. Nb1 Bd5 29. Bd2 c5 30. Re7 Qd8 31. Rxg7+ Kxg7 32. dxc5 Rb5 33. Bc3+ Kh7 34. Rxd5 Rxc5 35. Qd2 Rxd5 36. Qxd5 Qe7 37. Kb2 Kg6 38. Nd2 Re8 39. Qd4 Rd8 40. Nc4 d5 41. Ne5+ Kh7 42. a3 Qb7 43. Nd3 Rb8 44. b4 a5 45. Nf4 axb4 46. axb4 Rd8 47. Nxh5 1-0

[Event "ROM-chT (Women)"]
[Site "Calimanesti Caciulata"]
[Date "2016.11.21"]
[Round "1.2"]
[White "Terbe, Julianna"]
[Black "Marin, Irina Luiza"]
[Result "1/2-1/2"]
[WhiteElo "2171"]
[BlackElo "2096"]
[PlyCount "133"]
[EventDate "2016.11.21"]
[EventType "team-tourn"]
[EventRounds "7"]
[EventCountry "ROU"]
[SourceTitle "EXT 2018"]
[Source "ChessBase"]
[SourceDate "2017.10.13"]
[SourceVersion "1"]
[SourceVersionDate "2017.10.13"]
[SourceQuality "1"]
[WhiteTeam "Arad University (W)"]
[BlackTeam "Bucharest CC Central (W)"]
[WhiteTeamCountry "ROU"]
[BlackTeamCountry "ROU"]

1. e4 d6 2. d4 Nf6 3. Nc3 g6 4. f4 Bg7 5. Bd3 0-0 6. Nf3 Na6 7. 0-0 c5 8. d5 Bg4 9. Bc4 Nc7 10. h3 Bxf3 11. Qxf3 e6 12. dxe6 fxe6 13. Be3 b6 14. Rad1 Qe7 15. a4 Rad8 16. Bc1 Kh8 17. Kh2 Nd7 18. Qe2 Nb8 19. Nb5 Ne8 20. Rf3 a6 21. Na3 Nc7 22. g4 Qe8 23. Rb3 d5 24. exd5 exd5 25. Qxe8 Rfxe8 26. Bf1 Rd6 27. Rf3 Nd7 28. c3 Rde6 29. Nc2 a5 30. f5 gxf5 31. gxf5 Re2+ 32. Bxe2 Rxe2+ 33. Kh1 Rxc2 34. Bf4 Ne8 35. Rxd5 Nef6 36. Rd2 Rxd2 37. Bxd2 Ne5 38. Rf1 Ne4 39. Bf4 Nd3 40. Bc7 Nxb2 41. Re1 Nd3 42. Re2 Bxc3 43. Kh2 Nf6 44. Bxb6 Nd5 45. Bd8 Kg7 46. Kg3 Nb2 47. Re6 Nxa4 48. Ra6 Be5+ 49. Kf3 Nac3 50. Rxa5 Bd4 51. Ra7+ Kg8 52. Bg5 Nb5 53. Rd7 Nf6 54. Rb7 Nd6 55. Rb6 Nde4 56. Bh6 Kf7 57. Rc6 Nc3 58. Be3 Bxe3 59. Kxe3 Nce4 60. Re6 c4 61. Rxe4 Nxe4 62. Kxe4 Kf6 63. Kd4 Kxf5 64. Kxc4 Kf4 65. Kd4 Kg3 66. Ke3 Kxh3 67. Kf2 1/2-1/2

[Event "Arad op 9th"]
[Site "Arad"]
[Date "2016.08.11"]
[Round "8"]
[White "Marin, Irina Luiza"]
[Black "Vasiesiu, Victor"]
[Result "1-0"]
[WhiteElo "2092"]
[BlackElo "2232"]
[PlyCount "103"]
[EventDate "2016.08.06"]
[EventType "swiss"]
[EventRounds "9"]
[EventCountry "ROU"]
[SourceTitle "CBM 173 Extra"]
[Source "ChessBase"]
[SourceDate "2016.08.29"]
[SourceVersion "1"]
[SourceVersionDate "2016.08.29"]
[SourceQuality "1"]

1. c4 e5 2. g3 Nc6 3. Bg2 g6 4. Nc3 Bg7 5. e4 Nd4 6. Nge2 Nxe2 7. Nxe2 h5 8. h4 d6 9. d4 Bg4 10. f3 Be6 11. Qd3 Ne7 12. Bg5 c6 13. 0-0 f6 14. Be3 0-0 15. Rad1 Qc7 16. b3 f5 17. dxe5 dxe5 18. Qd6 Qxd6 19. Rxd6 Bc8 20. Bg5 Re8 21. Bxe7 Rxe7 22. Rxg6 fxe4 23. fxe4 Bg4 24. Bf3 Bxf3 25. Rxf3 Rd8 26. g4 hxg4 27. Rxg4 Rd2 28. Ng3 Rxa2 29. Nh5 Kh8 30. Rfg3 Rd7 31. Kh1 Rd1+ 32. Rg1 Rxg1+ 33. Rxg1 Bh6 34. Nf6 Bg7 35. Ne8 Bf8 36. Rg5 Rf2 37. Rxe5 Rf4 38. h5 Kg8 39. Kg2 Kf7 40. Kg3 Rf1 41. c5 Bxc5 42. Rxc5 Kxe8 43. Kg4 Rg1+ 44. Kf4 Kf7 45. Rf5+ Ke6 46. h6 Rh1 47. Kg5 b5 48. Kg6 a5 49. h7 Rxh7 50. Kxh7 Kd6 51. Kg6 c5 52. Kf6 1-0

[Event "ROM-chT (Women)"]
[Site "Mamaia"]
[Date "2015.10.07"]
[Round "5.4"]
[White "Marin, Irina Luiza"]
[Black "Cosma, Elena Luminita"]
[Result "0-1"]
[WhiteElo "2101"]
[BlackElo "2315"]
[PlyCount "114"]
[EventDate "2015.10.03"]
[EventType "team-tourn"]
[EventRounds "9"]
[EventCountry "ROU"]
[SourceTitle "CBM 168 Extra"]
[Source "ChessBase"]
[SourceDate "2015.10.29"]
[SourceVersion "1"]
[SourceVersionDate "2015.10.29"]
[SourceQuality "1"]
[WhiteTeam "Bucharest Central CC (W)"]
[BlackTeam "Bucharest Apa Nova (W)"]
[WhiteTeamCountry "ROU"]
[BlackTeamCountry "ROU"]

1. c4 e6 2. Nf3 d5 3. b3 Be7 4. Bb2 Nf6 5. g3 0-0 6. Bg2 b6 7. 0-0 Bb7 8. e3 Nbd7 9. Nc3 c5 10. Qe2 Qc7 11. Rfd1 Rad8 12. cxd5 Nxd5 13. Nxd5 Bxd5 14. e4 Bb7 15. Rac1 Qb8 16. d4 Rfe8 17. dxc5 Nxc5 18. Rxd8 Rxd8 19. Nd4 Bf6 20. e5 Qxe5 21. Qxe5 Bxe5 22. Nxe6 fxe6 23. Bxe5 Bxg2 24. Kxg2 Nd3 25. Bc7 Nxc1 26. Bxd8 Nxa2 27. Kf3 Nc1 28. b4 Na2 29. Be7 Kf7 30. Bd6 a6 31. h4 g6 32. Ke4 Nc3+ 33. Kd3 Nd5 34. Kd4 h5 35. Ke5 a5 36. bxa5 bxa5 37. Kd4 Kf6 38. Ke4 Nc3+ 39. Kd3 Nd5 40. Ke4 Ne7 41. Be5+ Kf7 42. Bd6 a4 43. Ba3 Nc6 44. f3 Ne7 45. g4 Nd5 46. gxh5 Nf6+ 47. Kf4 Nxh5+ 48. Kg5 Ng3 49. Bb2 Nf5 50. h5 gxh5 51. Kxh5 Ke7 52. Kg5 Kd6 53. Kf6 Kd5 54. f4 Nd4 55. Ba3 Nc2 56. Bb2 a3 57. Be5 Nd4 0-1

[Event "ROM-chT (Women)"]
[Site "Calimanesti"]
[Date "2014.11.13"]
[Round "6.3"]
[White "Marin, Irina Luiza"]
[Black "Adoamnei, Roxana Antonela"]
[Result "1/2-1/2"]
[WhiteElo "2122"]
[BlackElo "1981"]
[PlyCount "87"]
[EventDate "2014.11.08"]
[EventType "team-tourn"]
[EventRounds "7"]
[EventCountry "ROU"]
[SourceTitle "EXT 2015"]
[Source "ChessBase"]
[SourceDate "2014.11.20"]
[SourceVersion "1"]
[SourceVersionDate "2014.11.20"]
[SourceQuality "1"]
[WhiteTeam "Bucharest CC Central (W)"]
[BlackTeam "Arad University (W)"]
[WhiteTeamCountry "ROU"]
[BlackTeamCountry "ROU"]

1. c4 g6 2. g3 Bg7 3. Bg2 e5 4. Nc3 d6 5. e4 Be6 6. d3 Ne7 7. Nge2 c6 8. 0-0 Qd7 9. f4 h5 10. h4 Na6 11. Be3 Nc7 12. Kh2 Bg4 13. Qd2 d5 14. exd5 cxd5 15. fxe5 Bxe5 16. Bf4 Bxf4 17. Nxf4 dxc4 18. Rae1 0-0-0 19. Qe3 Nc6 20. dxc4 Rhe8 21. Qc5 Rxe1 22. Rxe1 Qd2 23. Rf1 Qd4 24. Qxd4 Rxd4 25. b3 Rd2 26. Ne4 Rxa2 27. Nd6+ Kb8 28. Nxf7 Bf5 29. Nd6 Bg4 30. Nxg6 a5 31. Rf8+ Ka7 32. Rf7 Kb6 33. Ne4 Ne6 34. Nc3 Rc2 35. Na4+ Ka6 36. Kg1 Rc1+ 37. Kh2 Rc2 38. Rf6 Ka7 39. Kg1 Rc1+ 40. Kh2 Rc2 41. Kg1 Rc1+ 42. Kf2 Rc2+ 43. Kf1 Rc1+ 44. Kf2 1/2-1/2

[Event "ROM-chT (Women)"]
[Site "Calimanesti"]
[Date "2014.11.10"]
[Round "3.1"]
[White "Marin, Irina Luiza"]
[Black "Foisor, Cristina Adela B"]
[Result "0-1"]
[WhiteElo "2122"]
[BlackElo "2395"]
[PlyCount "140"]
[EventDate "2014.11.08"]
[EventType "team-tourn"]
[EventRounds "7"]
[EventCountry "ROU"]
[SourceTitle "EXT 2015"]
[Source "ChessBase"]
[SourceDate "2014.11.20"]
[SourceVersion "1"]
[SourceVersionDate "2014.11.20"]
[SourceQuality "1"]
[WhiteTeam "Bucharest CC Central (W)"]
[BlackTeam "Timisoara Sinandrei (W)"]
[WhiteTeamCountry "ROU"]
[BlackTeamCountry "ROU"]

1. c4 g6 2. g3 Bg7 3. Bg2 c5 4. Nc3 Nc6 5. e4 d6 6. Nge2 Bd7 7. 0-0 Qc8 8. d3 Bh3 9. f4 Bxg2 10. Kxg2 f5 11. Be3 Nh6 12. Qd2 0-0 13. Rae1 b6 14. b3 Qb7 15. d4 Ng4 16. Bg1 fxe4 17. Nxe4 Nd8 18. d5 b5 19. h3 Nf6 20. N2c3 b4 21. Nxf6+ exf6 22. Ne4 Qd7 23. Nxc5 dxc5 24. Bxc5 Rf7 25. Bxb4 Bf8 26. Bxf8 Kxf8 27. f5 Kg7 28. Qe2 Nb7 29. Qe6 Nc5 30. Qxd7 Rxd7 31. fxg6 hxg6 32. Rf3 a5 33. Rfe3 Raa7 34. Re8 Nd3 35. Rd1 Ne5 36. g4 g5 37. Rc8 Kf7 38. Kg3 Rac7 39. Ra8 Ra7 40. Rc8 Rdc7 41. Rxc7+ Rxc7 42. d6 Rd7 43. c5 Ke6 44. a3 Rb7 45. Rb1 Kd7 46. h4 gxh4+ 47. Kxh4 Kc6 48. b4 Rh7+ 49. Kg3 Rg7 50. Kf4 Rxg4+ 51. Kf5 Rg3 52. Kxf6 Nd7+ 53. Ke7 Re3+ 54. Kd8 Nf6 55. b5+ Kxc5 56. d7 Kb6 57. Rf1 Nxd7 58. Kxd7 Rd3+ 59. Ke6 Kxb5 60. Rb1+ Ka4 61. Ke5 Kxa3 62. Ke4 Rb3 63. Ra1+ Kb4 64. Kd4 a4 65. Rh1 a3 66. Rh8 a2 67. Ra8 Ra3 68. Rb8+ Ka4 69. Kc4 Rc3+ 70. Kd4 Rc1 0-1

[Event "BdF-Diamant 05 email"]
[Site "GER email"]
[Date "2014.06.25"]
[Round "?"]
[White "Achatz, Kirstin"]
[Black "Marin, Irina Luiza"]
[Result "1/2-1/2"]
[WhiteElo "2268"]
[BlackElo "2216"]
[PlyCount "69"]
[EventDate "2014.??.??"]
[EventType "tourn (corr)"]
[EventRounds "16"]
[EventCountry "GER"]
[SourceTitle "Corr 2017"]
[Source "ChessBase"]
[SourceDate "2017.09.19"]
[SourceVersion "1"]
[SourceVersionDate "2017.09.19"]
[SourceQuality "1"]

1. d4 d6 2. c4 f5 3. Nc3 Nf6 4. Nf3 g6 5. g3 Bg7 6. Bg2 0-0 7. 0-0 c6 8. Rb1 a5 9. d5 e5 10. Ne1 Bd7 11. b3 Na6 12. dxc6 Bxc6 13. Nc2 Rf7 14. Bg5 Nc5 15. Qd2 Qf8 16. Rfd1 Nfe4 17. Bxe4 Nxe4 18. Nxe4 Bxe4 19. Rbc1 f4 20. Qxd6 Qe8 21. f3 Bf8 22. Qb6 Qc8 23. Kg2 Bc6 24. Rd8 Qe6 25. Qf2 b6 26. Rcd1 Rxd8 27. Rxd8 Qf5 28. Bh6 Qxc2 29. e4 Qxf2+ 30. Kxf2 g5 31. Rc8 Bd7 32. Rb8 fxg3+ 33. Kxg3 g4 34. fxg4 Bc6 35. Bxf8 1/2-1/2